<?xml version="1.0" encoding="UTF-8"?>
<record
    xmlns:xsi="http://www.w3.org/2001/XMLSchema-instance"
    xsi:schemaLocation="http://www.loc.gov/MARC21/slim http://www.loc.gov/standards/marcxml/schema/MARC21slim.xsd"
    xmlns="http://www.loc.gov/MARC21/slim">

  <leader>01730nam a22002057a 4500</leader>
  <controlfield tag="003">OSt</controlfield>
  <controlfield tag="005">20240626113727.0</controlfield>
  <controlfield tag="008">231005s2014    ag ||||| |||| 00| 1 spa d</controlfield>
  <datafield tag="020" ind1=" " ind2=" ">
    <subfield code="a">9788492892716</subfield>
  </datafield>
  <datafield tag="040" ind1=" " ind2=" ">
    <subfield code="c">besoc</subfield>
  </datafield>
  <datafield tag="100" ind1="1" ind2=" ">
    <subfield code="a">Quiroga, Horacio</subfield>
    <subfield code="d">1878-1937</subfield>
    <subfield code="e">autor</subfield>
  </datafield>
  <datafield tag="245" ind1="1" ind2=" ">
    <subfield code="a">Los Desterrados :</subfield>
    <subfield code="b">Anaconda /</subfield>
    <subfield code="c">Horacio Quiroga</subfield>
  </datafield>
  <datafield tag="260" ind1=" " ind2=" ">
    <subfield code="a">Madrid :</subfield>
    <subfield code="b">Mestas,</subfield>
    <subfield code="c">2014</subfield>
  </datafield>
  <datafield tag="300" ind1=" " ind2=" ">
    <subfield code="a">141 p.</subfield>
  </datafield>
  <datafield tag="490" ind1="1" ind2=" ">
    <subfield code="a">Cl&#xE1;sicos universales</subfield>
  </datafield>
  <datafield tag="505" ind1="0" ind2=" ">
    <subfield code="a">1. Los desterrados: El regreso de Anaconda -- Los desterrados --Van - Houten --Tacuar&#xE1; - Mansi&#xF3;n -- El hombre muerto --El techo de incienso --La c&#xE1;mara obscura -- Los destiladores de naranja --2. Anaconda.-</subfield>
  </datafield>
  <datafield tag="520" ind1=" " ind2=" ">
    <subfield code="a">Quiroga fue, en esencia, un cuentista, un maestro de la narraci&#xF3;n breve, para la cual demostr&#xF3; estar singularmente dotado, dibujando las pautas a seguir por la literatura hispanoamericana de los a&#xF1;os venideros. El cuento se considera en estas tierras un genero mayor y Quiroga es su indiscutible maestro. Gracias a su aportaci&#xF3;n a lo largo de una vida, el cuento hispanoamericano logra llegar a su madurez y muestra de ello son algunas de las narraciones de esta obra, que abrir&#xE1;n el camino de otros maestros, como Borges, Rulfo y Cort&#xE1;zar. Se convierte en iniciador de una corriente que termin&#xF3; por denominarse "literatura de la tierra", que luego siguieron ilustres como R&#xF3;mulo Gallegos y Jos&#xE9; Eustasio Rivera. Quiroga es uno de los primeros que descubren la peculiaridad de su entorno, y lo describe y ensalza en toda su inmensidad, hermosura y dramatismo. Los desterrados esta considerado como el libro mas logrado y org&#xE1;nico del autor. [Nota del editor]</subfield>
  </datafield>
  <datafield tag="650" ind1=" " ind2="4">
    <subfield code="a">Literatura uruguaya</subfield>
    <subfield code="v">Cuentos</subfield>
    <subfield code="x">Siglo XX</subfield>
    <subfield code="y">Colecci&#xF3;n juvenil</subfield>
  </datafield>
  <datafield tag="942" ind1=" " ind2=" ">
    <subfield code="2">udc</subfield>
    <subfield code="c">LPD</subfield>
    <subfield code="n">0</subfield>
  </datafield>
  <datafield tag="999" ind1=" " ind2=" ">
    <subfield code="c">103</subfield>
    <subfield code="d">103</subfield>
  </datafield>
  <datafield tag="952" ind1=" " ind2=" ">
    <subfield code="0">0</subfield>
    <subfield code="1">0</subfield>
    <subfield code="2">udc</subfield>
    <subfield code="4">0</subfield>
    <subfield code="7">0</subfield>
    <subfield code="8">CG</subfield>
    <subfield code="a">ESOCIALES</subfield>
    <subfield code="b">ESOCIALES</subfield>
    <subfield code="d">2023-10-09</subfield>
    <subfield code="l">0</subfield>
    <subfield code="o">82-34(899) Q8</subfield>
    <subfield code="p">000214</subfield>
    <subfield code="r">2023-10-09 00:00:00</subfield>
    <subfield code="w">2023-10-09</subfield>
    <subfield code="y">LPD</subfield>
  </datafield>
</record>
